| 000 | 01319nam a22003497a 4500 | ||
|---|---|---|---|
| 003 | CHAP | ||
| 005 | 20220329143306.0 | ||
| 008 | 080226d2003 es ad r 00110 spa d | ||
| 010 | _a94509 | ||
| 011 | _a95481 | ||
| 020 | _a8487480527 | ||
| 035 | _a106107 | ||
| 040 | _cCHAP | ||
| 082 | 0 | 4 |
_a681.763 _bF47 |
| 100 | 0 | 0 |
_aFernández Rodríguez, Eduardo J. _e, coord. _940285 |
| 245 | 1 | 0 |
_aInnovaciones tecnológicas en cultivos de invernadero _c/coord. por Eduardo J. Fernández Rodríguez |
| 260 |
_aMadrid : _bAgrotécnicas, _c[2003] |
||
| 300 |
_axi, 274 p. : _bilus. ; gráfs. ; cuadros ; diagramas |
||
| 590 |
_aBATCH-UPD _b10 _c20130110 _lUCH01 _h0132 |
||
| 590 |
_aBATCH-UPD _b10 _c20130110 _lUCH01 _h1954 |
||
| 590 |
_aBATCH-UPD _b10 _c20130409 _lUCH01 _h2128 |
||
| 590 |
_aBATCH-UPD _b10 _c20130410 _lUCH01 _h1315 |
||
| 590 |
_aBATCH-UPD _b10 _c20130914 _lUCH01 _h1131 |
||
| 590 |
_aCONVERSION _b10 _c20130109 _lUCH01 _h1352 |
||
| 650 | 1 | 4 |
_aAgricultura _xInnovaciones tecnológicas. _91565 |
| 650 | 1 | 4 |
_aCultivos en invernadero. _930376 |
| 650 | 1 | 4 |
_aInnovaciones tecnológicas. _958829 |
| 901 | _aBK | ||
| 942 | _cLIBRO | ||
| 949 |
_a681.763 F47 _bBC _cLIBRO _d33724002048066 _eLIBRO _gI.c/e _h109106 _i106107 _si _t$590.00 |
||
| 949 |
_a681.763 F47 _bBC _cLIBRO _d33724002069660 _eLIBRO _fc.2 _gI.c/e _h109709 _i106107 _si _t$383.50 |
||
| 999 |
_c94509 _d94509 |
||